All digimon from season 1 and 2 - Statistics

General Stats
  • This quiz has been taken 208 times
    181 since last reset
  • The average score is 98 of 388
Answer Stats
Answer % Correct
Agumon
95%
Greymon
92%
Angemon
90%
Angewomon
88%
Gabumon
88%
MetalGreymon
86%
Devimon
83%
Garurumon
83%
Palmon
83%
WarGreymon
83%
Birdramon
81%
Leomon
81%
MetalGarurumon
81%
Patamon
80%
WereGarurumon
80%
Gatomon
79%
Kabuterimon
79%
Tentomon
79%
Seadramon
78%
Ikkakumon
76%
Lillymon
76%
Koromon
75%
Biyomon
74%
Togemon
73%
Veemon
73%
MetalSeadramon
71%
Etemon
70%
Gomamon
69%
Myotismon
68%
SkullGreymon
68%
MagnaAngemon
67%
MegaKabuterimon
67%
Ogremon
67%
Puppetmon
67%
Piedmon
66%
Wormmon
66%
DemiDevimon
65%
Garudamon
65%
Hawkmon
64%
Zudomon
62%
Flamedramon
61%
Machinedramon
61%
Meramon
61%
Andromon
59%
Armadillomon
59%
Stingmon
58%
Salamon
57%
Whamon
57%
MetalEtemon
56%
Monzaemon
56%
Wizardmon
56%
Shellmon
55%
Kuwagamon
54%
MegaSeadramon
54%
BlackWarGreymon
53%
LadyDevimon
52%
Numemon
52%
Rosemon
51%
Tokomon
51%
Tsunomon
51%
Digmon
50%
ExVeemon
50%
Motimon
50%
VenomMyotismon
50%
Elecmon
49%
Sukamon
49%
Tanemon
49%
Tyrannomon
49%
Unimon
49%
Gazimon
48%
Paildramon
48%
Bakemon
47%
Botamon
47%
Pegasusmon
47%
Imperialdramon
46%
Omnimon
46%
SaberLeomon
45%
Yokomon
45%
Apocalymon
44%
Aquilamon
44%
Cherrymon
44%
Chuumon
44%
Digitamamon
44%
Frigimon
44%
Gotsumon
44%
HerculesKabuterimon
44%
Mummymon
44%
Submarimon
44%
Ankylomon
43%
Bukamon
43%
DemiVeemon
43%
Floramon
43%
Gekomon
43%
Raidramon
43%
Seraphimon
43%
Piximon
42%
Poyomon
42%
Magnamon
41%
Monochromon
41%
Parrotmon
41%
Guardromon
40%
Magnadramon
40%
Centarumon
39%
Datamon
39%
Mammothmon
39%
Nefertimon
39%
Shakkoumon
39%
Shurimon
39%
SkullMeramon
39%
Vikemon
39%
Arukenimon
38%
Pumpkinmon
38%
DarkTyrannomon
37%
Otamamon
37%
Silphymon
37%
Vademon
37%
Vegiemon
37%
Betamon
36%
Phoenixmon
36%
ShogunGekomon
36%
Halsemon
35%
MaloMyotismon
35%
Nanimon
35%
Nyaromon
35%
Kiwimon
34%
Kokatorimon
34%
Mojyamon
34%
Scorpiomon
34%
WaruMonzaemon
34%
Devidramon
33%
Mamemon
33%
Phantomon
33%
Raremon
33%
Snimon
33%
Tuskmon
33%
Divermon
32%
Kimeramon
32%
Pabumon
32%
Punimon
32%
Drimogemon
31%
Garbagemon
31%
Pagumon
31%
Woodmon
31%
Airdramon
30%
Flymon
30%
Lopmon
30%
Megadramon
30%
Starmon
30%
RedVegiemon
29%
Hagurumon
28%
Upamon
28%
Gesomon
27%
Gizamon
27%
Ophanimon
27%
Yuramon
27%
Deramon
26%
Gigadramon
26%
MarineDevimon
26%
Tankmon
26%
Mekanorimon
25%
Mushroomon
25%
Azulongmon
24%
Dragomon
24%
MetalMamemon
24%
Poromon
24%
Coelamon
23%
Daemon
23%
Jijimon
23%
Ninjamon
23%
Vilemon
23%
Dokugumon
22%
SkullSatamon
22%
Blossomon
21%
Golemon
21%
Gorillamon
21%
MarineAngemon
21%
GranKuwagamon
20%
Cherubimon
19%
Ebidramon
19%
Kunemon
19%
Leafmon
19%
Octomon
19%
Tapirmon
19%
Triceramon
19%
BigMamemon
18%
Crabmon
18%
Millenniummon
18%
Roachmon
18%
Deltamon
17%
Deputymon
17%
Minomon
17%
Apemon
16%
Goblimon
16%
Knightmon
16%
Pichimon
16%
Rockmon
16%
Tortomon
16%
Babamon
15%
Boltmon
15%
Goldramon
15%
MetalTyrannomon
15%
Nyokimon
15%
Pururumon
15%
Waspmon
15%
Syakomon
14%
Thundermon
14%
ToyAgumon
14%
YukimiBotamon
14%
Chibomon
13%
Dolphmon
13%
Eyesmon
13%
Fanbeemon
13%
Giromon
13%
Minotarumon
13%
Musyamon
13%
Orochimon
13%
Solarmon
13%
Allomon
12%
WaruSeadramon
12%
ZeedMillenniummon
12%
BlitzGreymon
11%
Brachiomon
11%
Kotemon
11%
MudFrigimon
11%
Soulmon
11%
Bearmon
10%
CannonBeemon
10%
CresGarurumon
10%
Fangmon
10%
Muchomon
10%
NeoDevimon
10%
Omegamon
10%
Penguinmon
10%
Ponchomon
10%
Tsubumon
10%
DanDevimon
9%
Komondomon
9%
Nidhoggmon
9%
SkullKnightmon
9%
Argomon
8%
Bokomon
8%
Cutemon
8%
Cyberdramon
8%
Kokuwamon
8%
Meteormon
8%
Negamon
8%
Pomumon
8%
Rebellimon
8%
Searchmon
8%
Abbadomon
7%
BanchoMamemon
7%
Burgermon
7%
Crossmon
7%
Datirimon
7%
Entmon
7%
Flarerizamon
7%
Jagamon
7%
Junkmon
7%
Labramon
7%
Lalamon
7%
Machmon
7%
MetalPhantomon
7%
Neemon
7%
Olegmon
7%
Petaldramon
7%
SkullScorpiomon
7%
Tankdramon
7%
Valkyrimon
7%
Volcamon
7%
Wanyamon
7%
Wisemon
7%
Zanbamon
7%
Zurumon
7%
AxeKnightmon
6%
BladeKuwagamon
6%
Blimpmon
6%
Dracomon
6%
Honeybeemon
6%
Kapurimon
6%
Kodokugumon
6%
Soundbirdmon
6%
Strabimon
6%
Sunflowmon
6%
Toropiamon
6%
Tylomon
6%
DarkMaildramon
5%
ElDradimon
5%
Falcomon
5%
MetalLifeKuwagamon
5%
Potamon
5%
Reapermon
5%
Weedmon
5%
Arbormon
4%
Baromon
4%
Boarmon
4%
Burpmon
4%
Coredramon
4%
Gaossmon
4%
Ghoulmon
4%
Gogmamon
4%
Groundramon
4%
Gryphomon
4%
Harpymon
4%
Kamemon
4%
Mantaraymon
4%
Mephistomon
4%
Monmon
4%
Nohemon
4%
Parasimon
4%
Peckmon
4%
Rareraremon
4%
SkullBaluchimon
4%
Splashmon
4%
Tekkamon
4%
Cerberumon
3%
Daipenmon
3%
Gravimon
3%
Grizzlymon
3%
Gusokumon
3%
Lunamon
3%
Manbomon
3%
Parasaurmon
3%
Pipismon
3%
Puroromon
3%
Ranamon
3%
Sakkakumon
3%
Seahomon
3%
Spadamon
3%
Trailmon
3%
Volcdramon
3%
Atamadekachimon
2%
Bakomon
2%
Bucchiemon
2%
Bulbmon
2%
Bullmon
2%
Calmaramon
2%
Choromon
2%
Doggymon
2%
Dokunemon
2%
Grumblemon
2%
Kabukimon
2%
MetalKoromon
2%
MiniDekachimon
2%
NiseDrimogemon
2%
Opossummon
2%
Oukuwamon
2%
Piddomon
2%
SandYanmamon
2%
Toucanmon
2%
Velgemon
2%
Xiaomon
2%
Bombmon
1%
Budmon
1%
Chikurimon
1%
ChuuChuumon
1%
Deckerdramon
1%
Frimon
1%
Gwappamon
1%
Hopmon
1%
Kyaromon
1%
Kyupimon
1%
Petitmon
1%
Phascomon
1%
Pupumon
1%
Puttimon
1%
Puwamon
1%
Sakumon
1%
Salamandamon
1%
Sangomon
1%
Sepikmon
1%
Shamanmon
1%
Stegomon
1%
Sunarizamon
1%
Swanmon
1%
Swimmon
1%
TorikaraBallmon
1%
Troopmon
1%
Chapmon
0%
Chibickmon
0%
Cotsucomon
0%
Dondokomon
0%
Ekakimon
0%
Jyarimon
0%
KaratsukiNumemon
0%
Monimon
0%
Pickmon
0%
Pusurimon
0%
Thunderbirdmon
0%
No matching quizzes found
Score Distribution
Percent of People with Each Score
Percentile by Number Answered
Your Score History
You have not taken this quiz since the last reset